| 000 | 00744nam a2200217 a 4500 | ||
|---|---|---|---|
| 001 | 000042250 | ||
| 005 | 20201002040029.0 | ||
| 008 | 131120s1997 sp ac 001 0 spa d | ||
| 020 | _a8408020730 | ||
| 040 |
_aDO-SdBNP _bspa _cBNPHU |
||
| 100 | 1 |
_aVila-San-Juan, José Luis, _d1926- _969275 |
|
| 245 | 1 | 0 |
_aAmadeo I : _bEl rey caballero / _cJuan, José Luis, Vila-San. |
| 246 | 1 | 4 | _aLa vida y la época de Amadeo I |
| 260 |
_aBarcelona : _bPlaneta, _c1997. _bil., retrs. |
||
| 300 |
_a229 p. : _b25 cm. |
||
| 490 | 1 |
_aLos reyes de España ; _v17 |
|
| 500 | _aIncluye índice | ||
| 504 | _aBibliografía : p. 225-226 | ||
| 504 | _aIncluye referencias bibliográficas y notas al pie de las páginas | ||
| 830 | 0 |
_aLos reyes de España _v17 _969276 |
|
| 999 |
_c41739 _d41739 |
||